000 00718cam a22002531 4500
999 _c22872
_d22872
001 3586885
003 BDDh-ASL
005 20231015030152.0
008 711124s1965 mau b 000 0 eng
010 _a 65023930
040 _aDLC
_cDLC
_dDLC
_dBDDh-ASL
050 0 0 _aQ171
_b.H316 1965a
082 0 0 _a925.5081
_bSCI
100 1 _aHarrison, James,
_d1927-
_eed.
245 1 0 _aScientists as writers /
260 _aCambridge :
_bM.I.T. Press,
_c[1965]
300 _a206 p. :
_c21 cm.
490 0 _aThe M.I.T. paperback series, MIT32
504 _aBibliography: p. [192]-197.
650 0 _aScience.
650 0 _aLiterary style.
906 _a7
_bcbc
_corignew
_du
_eocip
_f19
_gy-gencatlg
942 _2ddc
_cBK